[Event "Turkish Cup 2016"]
[Site "Manavgat TUR"]
[Date "2016.01.31"]
[Round "2.24"]
[White "Ozsarilar, Osman Nuri"]
[Black "Sevgi, Volkan"]
[Result "0-1"]
[BlackTitle "FM"]
[WhiteElo "1864"]
[BlackElo "2197"]
[WhiteTeam "ERZURUM"]
[BlackTeam "MERSIN"]
[WhiteFideId "6366414"]
[BlackFideId "6325335"]
[EventDate "2016.01.30"]

1. e4 c6 2. d4 d5 3. Nc3 g6 4. Nf3 Bg7 5. h3 Nh6 6. Bd3 O-O 7. Bg5 f6 8. Be3 Nf7
9. Qd2 e5 10. dxe5 fxe5 11. Bc5 Re8 12. O-O d4 13. Ne2 b6 14. Ba3 Be6 15. b3 Nd7
16. Ng3 Qf6 17. Qe2 h5 18. Rfe1 Bh6 19. Rad1 Bf4 20. Bc4 c5 21. Bc1 Nd6 22.
Bxe6+ Qxe6 23. Ng5 Qe7 24. h4 Rf8 25. Rd3 Bxc1 26. Rxc1 Rf4 27. Nxh5 Rxh4 28.
Rg3 Rxh5 29. Nh3 Rh6 30. Re1 Rf8 31. Qd2 Kg7 32. Ng5 Nf6 33. Rf3 Rfh8 34. Nh3
Rh4 35. Qd3 Nh5 36. Kf1 Nf4 37. Nxf4 exf4 38. Rh3 Qe6 39. e5 Rxh3 40. gxh3 Rxh3
41. Qd2 Rh1+ 42. Kg2 Qh3# 0-1

[Event "Turkish Cup 2016"]
[Site "Manavgat TUR"]
[Date "2016.01.31"]
[Round "2.25"]
[White "Donmez, Yusuf"]
[Black "Kilic, Cihan"]
[Result "0-1"]
[WhiteElo "2071"]
[BlackElo "1912"]
[WhiteTeam "KARAMAN"]
[BlackTeam "SIIRT"]
[WhiteFideId "6301967"]
[BlackFideId "34557237"]
[EventDate "2016.01.30"]

1. d4 Nf6 2. Nf3 e6 3. Bf4 d5 4. e3 Bd6 5. Ne5 O-O 6. Nd2 c5 7. c3 Nc6 8. Bg3
Qe7 9. Bd3 g6 10. f4 Nh5 11. Ndf3 f5 12. Bh4 Qg7 13. g4 Nf6 14. gxf5 exf5 15.
Rg1 Ne4 16. Bxe4 dxe4 17. dxc5 Nxe5 18. Nxe5 Bxe5 19. Qd5+ Qf7 20. Qxf7+ Rxf7
21. fxe5 Be6 22. O-O-O Rc7 23. Rd6 Kf7 24. b4 h6 25. Bd8 Rc6 26. Bf6 Rac8 27.
Kb2 b6 28. Rxc6 Rxc6 29. cxb6 axb6 30. a4 g5 31. h4 f4 32. hxg5 hxg5 33. Bxg5 f3
34. Rh1 Bc4 35. Rh2 Rg6 36. Bf4 Rg1 37. Rh7+ Kg8 38. Rh2 Rg4 39. Rf2 Kf7 40. b5
Ke6 41. Ka3 Rxf4 42. exf4 Bd5 43. c4 Ba8 44. Rh2 e3 45. Rh6+ Kf7 46. Rh7+ Kg6
47. Rh8 e2 48. Rxa8 e1=Q 49. f5+ Kxf5 50. Rf8+ Ke4 0-1

[Event "Turkish Cup 2016"]
[Site "Manavgat TUR"]
[Date "2016.01.31"]
[Round "2.26"]
[White "Akdagli, Gokhan"]
[Black "Metin, Oguz"]
[Result "0-1"]
[WhiteElo "1804"]
[BlackElo "2134"]
[WhiteTeam "IZMIR"]
[BlackTeam "BURDUR"]
[WhiteFideId "6308910"]
[BlackFideId "6307850"]
[EventDate "2016.01.30"]

1. e4 g6 2. d4 Bg7 3. f4 d6 4. Nf3 Nf6 5. Nc3 O-O 6. Be3 c6 7. Qd2 b5 8. a3 Nbd7
9. Bd3 Nb6 10. Qe2 a5 11. O-O Be6 12. Ng5 Bc4 13. e5 Nfd5 14. Bxc4 Nxc4 15. Nxd5
cxd5 16. c3 Qb6 17. b3 Nxe3 18. Qxe3 b4 19. axb4 axb4 20. Rxa8 Rxa8 21. cxb4
Qxb4 22. Kh1 h6 23. Nf3 Ra3 24. Rb1 Kh7 25. Qd2 Qb6 26. Qc2 dxe5 27. fxe5 e6 28.
h3 Bf8 29. Qc8 Kg7 30. Qc2 Be7 31. Qd1 Qb4 32. Qc2 Qa5 33. Qd2 Qa6 34. Ne1 Ra2
35. Qd3 Qxd3 36. Nxd3 Rd2 37. Ne1 Rxd4 38. Kg1 Bc5 39. Kf1 Rd2 40. Nf3 Rf2+ 41.
Ke1 Rxg2 42. b4 Bb6 43. Rb3 g5 44. b5 Kg6 45. Nd2 Ba5 46. Rb2 Bxd2+ 47. Rxd2
Rg1+ 48. Kf2 Rb1 0-1

[Event "Turkish Cup 2016"]
[Site "Manavgat TUR"]
[Date "2016.01.31"]
[Round "2.27"]
[White "Mecit, Emre"]
[Black "Pektas, Yigit"]
[Result "0-1"]
[WhiteElo "2092"]
[BlackElo "1815"]
[WhiteTeam "YALOVA"]
[BlackTeam "ANTALYA"]
[WhiteFideId "6304214"]
[BlackFideId "6367046"]
[EventDate "2016.01.30"]

1. e4 c6 2. d4 d5 3. exd5 cxd5 4. c4 Nf6 5. Nc3 Nc6 6. Nf3 Be6 7. c5 g6 8. Bb5
Bg7 9. O-O O-O 10. Re1 Bg4 11. Bxc6 bxc6 12. Bf4 Nd7 13. Bg5 f6 14. Bh4 g5 15.
Bg3 f5 16. h3 Bxf3 17. Qxf3 f4 18. Bh2 Bxd4 19. Rad1 e5 20. h4 Nxc5 21. hxg5 Rf5
22. b4 Ne6 23. b5 Qxg5 24. bxc6 e4 25. Nxe4 dxe4 26. Rxe4 Qf6 27. Qb3 Be5 28. c7
Qf7 29. Bxf4 Bxf4 30. Rxe6 Bxc7 31. Rd4 Rg5 32. f4 Rf8 33. Qc4 Rg7 34. Rde4 Kh8
35. Qc3 Bb6+ 36. Kf1 Kg8 37. Qb3 Rg4 38. g3 Rg7 39. a4 Kh8 40. Qc3 Qh5 41. Kg2
Rg8 42. Re7 Qg4 43. Rxg7 Qxg7 44. Qd3 Qb2+ 45. Re2 Qf6 46. Qd5 Qg7 47. Qf3 Qd4
48. Re5 Qxa4 49. Re7 Qc2+ 50. Kh3 Qf5+ 51. g4 Qf6 52. Qe4 Qc3+ 53. Kh2 Qb2+ 54.
Kh3 Qc3+ 55. Kh2 Qb2+ 56. Kh3 Qa3+ 57. Kh2 Bg1+ 58. Kxg1 Rxg4+ 59. Kf2 Qb2+ 60.
Kf3 Qg2+ 61. Ke3 Rg3+ 62. Kd4 Qb2+ 63. Kd5 Qb5+ 64. Kd4 Qb6+ 65. Kd5 Qb3+ 66.
Kc5 Rc3+ 67. Kd6 Qb6+ 68. Kd7 Rc7+ 69. Ke8 Qb8+ 70. Kf7 Qg8+ 71. Kf6 Qf8+ 0-1

[Event "Turkish Cup 2016"]
[Site "Manavgat TUR"]
[Date "2016.01.31"]
[Round "2.28"]
[White "Kerem, Halil Ozgun"]
[Black "Zor, Alber Kadir"]
[Result "1/2-1/2"]
[WhiteElo "1848"]
[BlackElo "2134"]
[WhiteTeam "KARAMAN"]
[BlackTeam "ANKARA"]
[WhiteFideId "6348475"]
[BlackFideId "6353169"]
[EventDate "2016.01.30"]

1. Nf3 Nf6 2. g3 g6 3. Bg2 Bg7 4. d4 O-O 5. c4 d6 6. O-O Nc6 7. Nc3 a6 8. h3 Bd7
9. e4 e5 10. Be3 exd4 11. Nxd4 Re8 12. b3 Rb8 13. Rc1 Nxd4 14. Bxd4 b5 15. cxb5
axb5 16. Bxf6 Bxf6 17. Nd5 c5 18. Nxf6+ Qxf6 19. f4 Qe7 20. Qd2 Bc6 1/2-1/2

[Event "Turkish Cup 2016"]
[Site "Manavgat TUR"]
[Date "2016.01.31"]
[Round "2.29"]
[White "Camci, Ali Ammar"]
[Black "Arda, Cagil Irmak"]
[Result "1-0"]
[BlackTitle "WCM"]
[WhiteElo "2074"]
[BlackElo "1907"]
[WhiteTeam "SAKARYA"]
[BlackTeam "ISTANBUL"]
[WhiteFideId "6305130"]
[BlackFideId "6351700"]
[EventDate "2016.01.30"]

1. e4 g6 2. Nf3 Bg7 3. Bc4 d6 4. d4 e6 5. Bg5 Ne7 6. Nc3 h6 7. Bf4 a6 8. O-O b5
9. Bd3 g5 10. Be3 Nd7 11. Ne2 Bb7 12. Ng3 Nf6 13. c3 O-O 14. h4 gxh4 15. Nxh4
Ng6 16. Nxg6 fxg6 17. Qb3 d5 18. f3 Nd7 19. a4 c5 20. exd5 c4 21. Bxc4 Qc7 22.
axb5 Nb6 23. bxa6 Nxc4 24. d6 Qxd6 25. Qxc4 Bxa6 26. Rxa6 Qxa6 27. Qxa6 Rxa6 28.
Ne4 Rc8 29. b4 Ra3 30. Rb1 Rd8 31. b5 e5 32. d5 Rxd5 33. b6 Rd8 34. b7 Rb8 35.
Bc5 Ra6 36. Bd6 Rxd6 37. Nxd6 Kf8 38. Ra1 1-0

[Event "Turkish Cup 2016"]
[Site "Manavgat TUR"]
[Date "2016.01.31"]
[Round "2.30"]
[White "Kilic, Gokturk Kagan"]
[Black "Sari, Yasin"]
[Result "1/2-1/2"]
[WhiteElo "1776"]
[BlackElo "2088"]
[WhiteTeam "SAKARYA"]
[BlackTeam "ANTALYA"]
[WhiteFideId "6367925"]
[BlackFideId "6320902"]
[EventDate "2016.01.30"]

1. e4 c5 2. Nf3 d6 3. Bb5+ Nd7 4. d4 Nf6 5. Nc3 cxd4 6. Qxd4 e5 7. Qd3 h6 8. Be3
a6 9. Bc4 b5 10. Bd5 Rb8 11. Ba7 Nxd5 12. Nxd5 Rb7 13. Be3 Nf6 14. O-O Nxd5 15.
Qxd5 Rd7 16. Rad1 Bb7 17. Qd3 Be7 18. Rfe1 O-O 19. Nxe5 Bxe4 20. Qxe4 dxe5 21.
Rxd7 Qxd7 22. Qxe5 Bf6 23. Qg3 Kh8 24. c3 Qd5 25. a3 Rd8 26. h3 Qb3 27. Bc1 Rd1
28. Qe3 Qc2 29. Rxd1 Qxd1+ 30. Kh2 Kh7 31. Qe4+ g6 32. Be3 Qd7 33. Bd4 Qd6+ 34.
g3 h5 35. Bxf6 Qxf6 36. Qf4 Qe6 37. a4 bxa4 38. Qxa4 Qe2 39. Qf4 Qxb2 40. Qxf7+
Kh6 41. Qf8+ Kh7 42. Qf7+ Kh6 43. Qf8+ Kh7 44. Qe7+ Kh6 45. Qe3+ Kh7 46. Qa7+
Kg8 47. Qa8+ Kg7 48. Qa7+ Kg8 1/2-1/2

[Event "Turkish Cup 2016"]
[Site "Manavgat TUR"]
[Date "2016.01.31"]
[Round "2.31"]
[White "Ozalp, Burak"]
[Black "Inan, Canberk"]
[Result "1-0"]
[WhiteElo "2131"]
[BlackElo "1845"]
[WhiteTeam "ANKARA"]
[BlackTeam "SAMSUN"]
[WhiteFideId "6314210"]
[BlackFideId "6329055"]
[EventDate "2016.01.30"]

1. e4 e5 2. Nf3 Nc6 3. Bb5 a6 4. Ba4 Nf6 5. Qe2 b5 6. Bb3 Bc5 7. a4 Rb8 8. axb5
axb5 9. Nc3 O-O 10. Nxb5 Ng4 11. O-O d6 12. h3 Nf6 13. Nc3 Nh5 14. Kh2 Nf4 15.
Qd1 Rxb3 16. cxb3 Nd3 17. Qe2 Nf4 18. Qc4 Be6 19. Qb5 Nd4 20. Nxd4 exd4 21. Nd5
Nxd5 22. exd5 Bxd5 23. d3 Qb8 24. Qxb8 Rxb8 25. b4 Bxb4 26. Ra7 Bb7 27. Rd1 Bc5
28. Ra1 Bd5 29. b4 Bxb4 30. Rb1 Rb6 31. Bd2 c5 32. Rb2 Rb7 33. Rdb1 Bxd2 34.
Rxb7 Bxb7 35. Rxb7 Kf8 36. Kg3 Bg5 37. Kf3 f5 38. g4 fxg4+ 39. hxg4 Bh4 40. Rd7
Be7 41. Ke4 Ke8 42. Rb7 Bf6 43. f4 Kd8 44. Kd5 Be7 45. Ke6 Bh4 46. Kxd6 Kc8 47.
Rc7+ Kd8 48. Rxg7 1-0

[Event "Turkish Cup 2016"]
[Site "Manavgat TUR"]
[Date "2016.01.31"]
[Round "2.32"]
[White "Ciftci, Mehmet Emin"]
[Black "Ozen, Deniz"]
[Result "0-1"]
[BlackTitle "FM"]
[WhiteElo "1874"]
[BlackElo "2061"]
[WhiteTeam "KARAMAN"]
[BlackTeam "IZMIR"]
[WhiteFideId "6312721"]
[BlackFideId "6349196"]
[EventDate "2016.01.30"]

1. d4 d5 2. c4 c6 3. cxd5 cxd5 4. Bf4 Nc6 5. e3 Nf6 6. Nc3 Bf5 7. Qb3 Na5 8.
Bb5+ Bd7 9. Bxd7+ Qxd7 10. Qb5 Nc6 11. Nf3 e6 12. O-O Be7 13. Ne5 Nxe5 14. Bxe5
Qxb5 15. Nxb5 Kd7 16. Rfc1 Ne8 17. Nc7 Rc8 18. Nxe8 Rhxe8 19. Bxg7 Bb4 20. a4
Bd2 21. Rxc8 Rxc8 22. Rb1 a5 23. Kf1 Bb4 24. Bf6 Rc2 25. g4 Kc6 26. h4 b5 27.
axb5+ Kxb5 28. b3 Bd6 29. Bd8 Rc8 30. Bf6 Kb4 31. Ke2 Rc2+ 32. Kf3 Ka3 33. Bd8
Ka2 34. Rf1 Bb4 35. g5 Kxb3 36. Bxa5 Bxa5 37. Kg4 Kc3 38. Kh5 Kd3 39. Kh6 Ke2
40. Ra1 Be1 41. Ra7 Bxf2 42. h5 Bxe3 43. Rxf7 Kd3 44. Rf3 Rg2 0-1

[Event "Turkish Cup 2016"]
[Site "Manavgat TUR"]
[Date "2016.01.31"]
[Round "2.33"]
[White "Kucuk, Dogan"]
[Black "Demir, Hilmi Mustafa"]
[Result "1-0"]
[WhiteElo "2066"]
[BlackElo "1823"]
[WhiteTeam "ANTALYA"]
[BlackTeam "ANTALYA"]
[WhiteFideId "6312985"]
[BlackFideId "6303099"]
[EventDate "2016.01.30"]

1. d4 Nf6 2. Nf3 c5 3. c4 g6 4. Nc3 cxd4 5. Nxd4 Bg7 6. e4 d6 7. Be2 O-O 8. O-O
Nc6 9. Be3 Bd7 10. f3 Nxd4 11. Bxd4 a6 12. Qd2 Qa5 13. Rfd1 Rfd8 14. b4 Qh5 15.
Rac1 Bh6 16. f4 Bg4 17. Bxf6 Bxe2 18. Bxe7 Bxd1 19. Bxd8 Rxd8 20. Rxd1 Qg4 21.
Nd5 Kf8 22. Rf1 Qc8 23. Qd3 Bg7 24. f5 f6 25. fxg6 hxg6 26. Nxf6 Bxf6 27. Rxf6+
Ke7 28. Rxg6 b5 29. Qd5 1-0

[Event "Turkish Cup 2016"]
[Site "Manavgat TUR"]
[Date "2016.01.31"]
[Round "2.34"]
[White "Senturk, Onur"]
[Black "Gundogan, Cem"]
[Result "0-1"]
[WhiteElo "1809"]
[BlackElo "2076"]
[WhiteTeam "BURDUR"]
[BlackTeam "KOCAELI"]
[WhiteFideId "6383572"]
[BlackFideId "6311032"]
[EventDate "2016.01.30"]

1. e4 e5 2. Nf3 Nc6 3. Bc4 Nf6 4. Ng5 Bc5 5. Bxf7+ Ke7 6. Bb3 Rf8 7. O-O h6 8.
Nf3 d6 9. d4 Nxd4 10. Nxd4 Bxd4 11. c3 Bb6 12. Qd3 Ng4 13. Qg3 Rxf2 14. Qh4+ g5
15. Bxg5+ hxg5 16. Qxg5+ Rf6+ 17. Kh1 Qh8 18. h3 Be3 19. Qxf6+ Nxf6 0-1

[Event "Turkish Cup 2016"]
[Site "Manavgat TUR"]
[Date "2016.01.31"]
[Round "2.35"]
[White "Afyoncu, Omer"]
[Black "Usluoglu, Servet"]
[Result "1-0"]
[WhiteElo "2037"]
[BlackElo "1872"]
[WhiteTeam "ANKARA"]
[BlackTeam "MARDIN"]
[WhiteFideId "6305989"]
[BlackFideId "6347274"]
[EventDate "2016.01.30"]

1. e4 e5 2. Nf3 Nc6 3. Bb5 Bc5 4. O-O Nge7 5. c3 a6 6. Ba4 b5 7. Bb3 O-O 8. d4
exd4 9. cxd4 Bb6 10. Nc3 Na5 11. Bc2 d5 12. exd5 Nxd5 13. Ng5 Nf6 14. Be3 h6 15.
Nge4 Bb7 16. Nxf6+ Qxf6 17. Qd3 g6 18. Bxh6 Rfd8 19. d5 Qd4 20. Qg3 Nc4 21. Bg5
Nxb2 22. Ne4 Rxd5 23. Nf6+ Kg7 24. Nxd5 Qxd5 25. Rae1 Qd4 26. Bxg6 fxg6 27. Re7+
Kf8 28. Qh3 Bd5 29. Qh6+ Kg8 30. Qh7+ Kf8 31. Bh6+ 1-0

[Event "Turkish Cup 2016"]
[Site "Manavgat TUR"]
[Date "2016.01.31"]
[Round "2.36"]
[White "Cam, Vedat"]
[Black "Temizkan, Denizcan"]
[Result "0-1"]
[BlackTitle "FM"]
[WhiteElo "1857"]
[BlackElo "2002"]
[WhiteTeam "BITLIS"]
[BlackTeam "HATAY"]
[WhiteFideId "6383424"]
[BlackFideId "6325157"]
[EventDate "2016.01.30"]

1. d4 d5 2. c4 e6 3. Nf3 Nf6 4. Nc3 c6 5. Bg5 Nbd7 6. e3 Be7 7. cxd5 exd5 8. Bd3
O-O 9. O-O h6 10. Bh4 Ne4 11. Bxe7 Qxe7 12. Qc2 Re8 13. Rae1 Nf8 14. Nd2 Nxd2
15. Qxd2 Be6 16. a3 Nd7 17. Bb1 Nf6 18. f3 Rad8 19. e4 dxe4 20. fxe4 Bc4 21. Rf2
c5 22. d5 Nxd5 23. Nxd5 Rxd5 24. Qc3 Rd4 25. h3 Red8 26. Rf5 g6 27. Rf2 Rd1 28.
Rxd1 Rxd1+ 29. Kh2 Rxb1 30. Qxc4 Re1 31. Qd5 Qc7+ 32. g3 Re3 33. Rf4 Re2+ 34.
Kg1 Rxb2 35. Kf1 Rb6 36. e5 Re6 37. Re4 Qc6 38. Qd3 Qa6 39. Qxa6 Rxa6 40. Re3
Re6 41. Ke2 f6 42. exf6 Kf7 43. Rxe6 Kxe6 44. Kd3 Kxf6 45. Ke4 Ke6 0-1

[Event "Turkish Cup 2016"]
[Site "Manavgat TUR"]
[Date "2016.01.31"]
[Round "2.37"]
[White "Dogan, Sevval"]
[Black "Koc, Ilkay"]
[Result "0-1"]
[WhiteElo "1839"]
[BlackElo "2045"]
[WhiteTeam "ISTANBUL"]
[BlackTeam "BURSA"]
[WhiteFideId "6322565"]
[BlackFideId "6304486"]
[EventDate "2016.01.30"]

1. e4 d5 2. exd5 Nf6 3. d4 Nxd5 4. Nf3 Bf5 5. Bd3 Bxd3 6. Qxd3 e6 7. O-O Nc6 8.
c4 Nf6 9. Nc3 Be7 10. Bf4 O-O 11. a3 h6 12. Rad1 Bd6 13. Be5 Qe7 14. c5 Bxe5 15.
dxe5 Nh7 16. Qb5 Rab8 17. b4 a6 18. Qc4 Rfd8 19. Ne2 Nf8 20. Ned4 Nxd4 21. Rxd4
Rxd4 22. Nxd4 Rd8 23. c6 b5 24. Qc3 Rd5 25. Nb3 Qd8 26. Nc5 Qa8 27. Nb3 Ng6 28.
Re1 Ne7 29. Na5 Nf5 30. g4 Nh4 31. Nb7 Qe8 32. h3 Ng6 33. Re4 Ne7 34. Na5 Qd8
35. Nb7 Rd1+ 36. Re1 Rxe1+ 37. Qxe1 Qd5 38. Qc3 Nxc6 39. Qc5 Qd1+ 40. Kh2 Qf3
41. Na5 Qf4+ 42. Kg2 Nxe5 43. Qxc7 Qf3+ 44. Kg1 Qd1+ 45. Kg2 Qd5+ 46. Kf1 Qd3+
47. Kg2 Nf3 48. Qg3 Ne1+ 49. Kh2 Qe4 50. Nb3 Nf3+ 51. Kg2 Nh4+ 52. Kh2 g5 53.
Nc5 Qc6 54. Qb8+ Kh7 55. Qb7 Qd6+ 56. Kg1 Kg7 57. Nxa6 Qd1+ 58. Kh2 Qf1 59. Kg3
Qg1+ 0-1

[Event "Turkish Cup 2016"]
[Site "Manavgat TUR"]
[Date "2016.01.31"]
[Round "2.38"]
[White "Rzayev, Askar Aliakbar"]
[Black "Subasi, Cagrican"]
[Result "1-0"]
[WhiteElo "2082"]
[BlackElo "1766"]
[WhiteTeam "BURSA"]
[BlackTeam "DUZCE"]
[WhiteFideId "13405039"]
[BlackFideId "6388167"]
[EventDate "2016.01.30"]

1. b3 Nf6 2. Bb2 b6 3. c4 e6 4. e3 Bb7 5. Nf3 Be7 6. a3 d6 7. d4 Nbd7 8. Nbd2
O-O 9. Qc2 c5 10. Bd3 h6 11. O-O Rc8 12. Rfd1 Qc7 13. Rac1 Qb8 14. Qb1 Qa8 15.
b4 Rfd8 16. Bf1 Ne4 17. Qa1 Nxd2 18. Nxd2 Bf6 19. Nb3 Qb8 20. Rd2 Qc7 21. Rcd1
a5 22. dxc5 Bxb2 23. cxd6 Qxc4 24. Qxb2 Qc3 25. bxa5 Bd5 26. Nd4 Qxa5 27. Nf5
exf5 28. Rxd5 Qc3 29. Qb4 g6 30. Ba6 Qxb4 31. axb4 Ra8 32. Bb7 Rab8 33. Bc6 Kg7
34. f3 Rbc8 35. b5 f6 36. Ra1 Kf7 37. Ra7 Ke6 38. Rd2 Ne5 39. Re7# 1-0

[Event "Turkish Cup 2016"]
[Site "Manavgat TUR"]
[Date "2016.01.31"]
[Round "2.39"]
[White "Ayazmali, Gizem"]
[Black "Akdogan, Alperen"]
[Result "0-1"]
[WhiteElo "1764"]
[BlackElo "2114"]
[WhiteTeam "MERSIN"]
[BlackTeam "ISTANBUL"]
[WhiteFideId "6336590"]
[BlackFideId "6347363"]
[EventDate "2016.01.30"]

1. e4 Nf6 2. e5 Nd5 3. d4 d6 4. Nf3 dxe5 5. Nxe5 c6 6. Be2 Bf5 7. c3 e6 8. Nd2
Nf4 9. Bf1 Nd7 10. Ndc4 Nd5 11. Qh5 Nxe5 12. Nxe5 Qc7 13. Qf3 Bd6 14. Nc4 O-O
15. Nxd6 Qxd6 16. Bd3 Bxd3 17. Qxd3 c5 18. O-O cxd4 19. Qxd4 e5 20. Qd3 Rad8 21.
c4 Nb4 22. Qxd6 Rxd6 23. Be3 Rc8 24. Rad1 Nd3 25. b3 a6 26. a3 f5 27. f3 Kf7 28.
c5 Rd5 29. b4 Rcd8 30. Rb1 Ke6 31. f4 e4 32. Rb3 R8d7 33. Rc3 Rc7 34. Rb1 b5 35.
a4 Rdd7 36. axb5 axb5 37. g3 Kd5 38. Ra3 Kc4 39. Bd2 Ra7 40. Rc3+ Kd5 41. Be3
Rdc7 42. Rd1 Ra4 43. Rb1 Rc6 44. Rcb3 Rca6 45. Bd2 Ra1 46. Be3 R1a2 47. Rc3 Re2
48. Bc1 Raa2 49. c6 Re1# 0-1

[Event "Turkish Cup 2016"]
[Site "Manavgat TUR"]
[Date "2016.01.31"]
[Round "2.40"]
[White "Sahin, Ozgun"]
[Black "Degirmenci, Yagiz"]
[Result "1-0"]
[WhiteElo "2085"]
[BlackElo "1809"]
[WhiteTeam "BURDUR"]
[BlackTeam "SIIRT"]
[WhiteFideId "6328121"]
[BlackFideId "6352375"]
[EventDate "2016.01.30"]

1. e4 c5 2. d4 cxd4 3. c3 d5 4. exd5 Qxd5 5. cxd4 Nc6 6. Nf3 Bg4 7. Be2 e6 8.
Nc3 Qd8 9. O-O Nf6 10. Qa4 Bd6 11. d5 exd5 12. Nxd5 Bxf3 13. Nxf6+ Qxf6 14. Bxf3
O-O 15. Be3 Ne5 16. Be2 a6 17. Rfd1 b5 18. Qe4 Ng6 19. Rac1 Rae8 20. Qc6 Re6 21.
Qd7 Nf4 22. Bg4 Qg6 23. Bxf4 Qxg4 24. Bxd6 Re1+ 25. Rxe1 Qxd7 26. Bxf8 Kxf8 27.
Re2 f6 28. Rec2 Qd5 29. Rc7 Qd2 30. h4 h5 31. R1c2 Qe1+ 32. Kh2 Kg8 33. R7c5 Qe4
34. g3 Kf7 35. Rd2 Kg6 36. a3 Qf3 37. Kg1 Qe4 38. Rdd5 Qe1+ 39. Kg2 Qe4+ 40. Kh2
Qe2 41. Kg2 Qe4+ 42. Kf1 Qb1+ 43. Kg2 Qe4+ 44. Kh2 Qe2 45. Rf5 Qxb2 46. Kg2 Qxa3
47. Rxh5 b4 48. Rhd5 b3 49. h5+ Kh6 50. Rc8 g6 51. Rb8 b2 52. Rd7 Qa4 53. Rdb7
Qe4+ 54. Kh2 Kxh5 55. Rxb2 f5 56. R2b4 Qf3 57. Rf4 Qe2 58. Rh8+ Kg5 59. Kg2 Qd2
60. Re8 Qd5+ 61. Kh2 Qd2 62. Re6 Qa2 63. Rd6 Qe2 64. Kg2 Qb2 65. Ra4 Qb7+ 66.
Kh2 Qb2 67. Kg2 Qb7+ 68. Kh2 Qb2 69. Rf4 Qb7 70. Rh4 Qb2 71. Rf4 Qb7 72. Rc4 Qb2
73. Kg2 Qb7+ 74. Rcc6 Kh5 75. Rxg6 a5 76. f4 1-0

[Event "Turkish Cup 2016"]
[Site "Manavgat TUR"]
[Date "2016.01.31"]
[Round "2.41"]
[White "Yerden, Huseyin Eren"]
[Black "Esen, Nejdet"]
[Result "0-1"]
[WhiteElo "1744"]
[BlackElo "2058"]
[WhiteTeam "KAHRAMANMARAS"]
[BlackTeam "YALOVA"]
[WhiteFideId "6380557"]
[BlackFideId "6305644"]
[EventDate "2016.01.30"]

1. d4 Nf6 2. c4 g6 3. Nc3 Bg7 4. Nf3 O-O 5. g3 d6 6. Bg2 c6 7. O-O Qa5 8. e4 Qh5
9. Qb3 e5 10. dxe5 dxe5 11. Be3 b6 12. Qa4 Bh3 13. Bxb6 Nbd7 14. Bc7 Ng4 15.
Qxc6 f5 16. Qxd7 fxe4 17. Qd5+ Kh8 18. Nh4 Bxg2 19. Kxg2 Rxf2+ 20. Rxf2 Ne3+ 21.
Kg1 Nxd5 22. cxd5 e3 23. Rc2 e4 24. d6 Qc5 25. Rac1 e2+ 26. Kh1 Bxc3 27. Rxe2
Qb5 28. Rcc2 Bd4 29. Ng2 Rf8 30. h4 Rf1+ 31. Kh2 Bg1+ 32. Kh1 Bf2+ 33. Kh2 Bxg3+
34. Kxg3 Qe5+ 35. Nf4 Qxf4+ 36. Kg2 Qf3+ 0-1

[Event "Turkish Cup 2016"]
[Site "Manavgat TUR"]
[Date "2016.01.31"]
[Round "2.42"]
[White "Kilic, Efe Mert"]
[Black "Akyuz, Murat"]
[Result "1-0"]
[WhiteElo "1998"]
[BlackElo "1874"]
[WhiteTeam "KOCAELI"]
[BlackTeam "DIYARBAKIR"]
[WhiteFideId "6354327"]
[BlackFideId "6366279"]
[EventDate "2016.01.30"]

1. e4 c5 2. Nf3 e6 3. b3 d5 4. Bb5+ Bd7 5. Bxd7+ Nxd7 6. exd5 exd5 7. O-O Bd6 8.
Bb2 Ndf6 9. d4 Ne7 10. dxc5 Bxc5 11. Bxf6 gxf6 12. Nc3 Qd7 13. Na4 Bd6 14. Qd4
Rg8 15. g3 Qf5 16. Nh4 Qe5 17. Rad1 Qxd4 18. Rxd4 Rc8 19. Rd2 Ba3 20. Rb1 b5 21.
Nb2 Bxb2 22. Rxb2 Kd7 23. Rb1 Rc6 24. Re1 Rgc8 25. Ree2 Ra6 26. Ng2 Rxa2 27. Nf4
Kd6 28. Nh5 f5 29. Nf6 h6 30. b4 Ra6 31. f4 Rac6 32. Nxd5 Nxd5 33. Re5 Kc7 34.
Rdxd5 a6 35. Rxf5 Kb6 36. Rxf7 Rxc2 37. Rd6+ R8c6 38. Rff6 Rc4 39. Rxh6 Rxd6 40.
Rxd6+ Kb7 41. f5 Rxb4 42. Rd1 Rc4 43. f6 Rc8 44. g4 Rf8 45. g5 Kc6 46. h4 a5 47.
h5 a4 48. g6 b4 49. f7 b3 50. g7 Rxf7 51. g8=Q 1-0

[Event "Turkish Cup 2016"]
[Site "Manavgat TUR"]
[Date "2016.01.31"]
[Round "2.43"]
[White "Eremkere, Mehmet Halil"]
[Black "Ozenir, Ekin Baris"]
[Result "1-0"]
[BlackTitle "CM"]
[WhiteElo "1762"]
[BlackElo "2097"]
[WhiteTeam "BITLIS"]
[BlackTeam "MERSIN"]
[WhiteFideId "6318010"]
[BlackFideId "6357415"]
[EventDate "2016.01.30"]

1. d4 Nf6 2. c4 e6 3. Nc3 Bb4 4. Bg5 h6 5. Bh4 g5 6. Bg3 Ne4 7. Qc2 f5 8. f3
Nxg3 9. hxg3 Qf6 10. O-O-O Bd6 11. f4 gxf4 12. c5 Bf8 13. gxf4 a6 14. Nf3 d6 15.
e4 dxc5 16. e5 Qg7 17. d5 Be7 18. Bd3 Qg4 19. Qd2 b5 20. dxe6 Bxe6 21. Ng5 Bxg5
22. fxg5 Nc6 23. Be2 Qb4 24. Bf3 Rd8 25. Bxc6+ Kf7 26. Bd5 Bxd5 27. Nxd5 Qc4+
28. Qc2 Qxc2+ 29. Kxc2 hxg5 30. Rxh8 Rxh8 31. Nxc7 1-0

[Event "Turkish Cup 2016"]
[Site "Manavgat TUR"]
[Date "2016.01.31"]
[Round "2.44"]
[White "Olcum, Ahmet"]
[Black "Baylav, Can"]
[Result "1-0"]
[WhiteElo "2013"]
[BlackElo "1805"]
[WhiteTeam "KARAMAN"]
[BlackTeam "KOCAELI"]
[WhiteFideId "6311393"]
[BlackFideId "6361293"]
[EventDate "2016.01.30"]

1. e4 c5 2. Nc3 d6 3. g3 g6 4. Bg2 Bg7 5. d3 Nc6 6. Be3 Rb8 7. Qd2 b5 8. f4 b4
9. Nd1 e6 10. Ne2 Nd4 11. O-O Ne7 12. g4 f5 13. h3 Nxe2+ 14. Qxe2 O-O 15. a3 b3
16. c3 Ba6 17. Nf2 Re8 18. h4 d5 19. exf5 d4 20. cxd4 cxd4 21. Bd2 Nc8 22. fxg6
hxg6 23. h5 gxh5 24. g5 h4 25. Qh5 Nd6 26. g6 Nf5 27. Bb4 Re7 28. Bh3 Rb5 29.
Qh7+ Kf8 30. Rfe1 Rxb4 31. axb4 Qd6 32. Bxf5 Qxf4 33. Be4 Qg5+ 34. Kh1 Be5 35.
g7+ Rxg7 36. Rg1 Qf4 37. Qh8+ Kf7 38. Rxg7+ Bxg7 39. Qh5+ Kf8 40. Rxa6 Be5 41.
Qf3 1-0